000 00555nam a2200181Ia 4500
001 19125
005 20260306171721.0
008 260306s9999||||xx |||||||||||||| ||und||
041 _aESP
082 _a658.8
_bL88
100 _aLópez-Quesada, Agustín,
_eAUT
245 0 _aDistribución y trade marketing :
_buna realidad estratégica de gestión del consumidor final, para el beneficio común entre fabricante e intermediarios
260 _c2017
300 _a30 páginas :
_c30 cm.
650 _aGEN
654 _aCAN
942 _cLIB
_dJUS
_fJUS
_2ddc
_n
999 _c19125
_d19125